Elektrik (Record no. 3544)
[ view plain ]
| 000 -BAŞLIK | |
|---|---|
| Sabit Uzunlukta Kontrol Alanı | 01142na a2200313 4500 |
| 001 - KONTROL NUMARASI | |
| Denetim Alanı | 17454 |
| 003 - KONTROL NUMARASI IDENTIFIER | |
| Denetim Alanı | MIRAKIL |
| 005 - SON İŞLEM TARİHİ VE ZAMANI | |
| Denetim Alanı | 20181213154935.0 |
| 008 - SABİT-BOY VERİ ELEMANLARI - GENEL BİLGİLER | |
| Sabit Uzunlukta Kontrol Alanı | 161221b tu 000 0 |
| 040 ## - KATALOGLAMA KAYNAK | |
| Orijinal Kataloglama Ajansı | Milas |
| Kataloglama Dili | tur |
| Metne Dönüştürmek Ajansı | TR-AnCHP |
| 041 ## - DİL KODU | |
| Metin / Ses Parça Veya Ayrı Başlığın Dil Kodu | tur |
| 082 ## - DEWEY ONLU SINIFLANDIRMA NUMARASI | |
| Sınıflandırma Numarası | CHP 333.7932 |
| Ürün Numarası | D63 2008 |
| 090 ## - SINIFLAMA NUMARASI | |
| Sınıflama Numarası | CHP 333.7932 E43 2009 |
| 240 ## - ÜNİFORM BAŞLIK | |
| Üniforma Başlık | <a href="Elektrik raporu">Elektrik raporu</a> |
| Bir İşin Tarihi | Kasım 2009 |
| 245 ## - BAŞLIK TABLOSU | |
| Başlık | Elektrik |
| Başlığın Kalan | Kasım 2009 |
| Sorumluluk Tablosu, Vb | [hazırlayan] Cumhuriyet Halk Partisi Bilim, Yönetim, Kültür Platformu |
| 260 ## - YAYIN, DAĞITIM, VB | |
| Yayın, Dağıtım, Vb Yeri | Ankara |
| Yayıncı, Dağıtıcı, Vs Adı | CHP Bilim Yönetim Kültür Platformu yayınları |
| Yayın, Dağıtım, Vb Tarihi | 2009 |
| 300 ## - FİZİKSEL TANIM | |
| Kapsam | 90 s. |
| Diğer Fiziksel Ayrıntıları | grf. |
| Boyutlar | 28 sm. |
| 440 ## - SERİSİ TABLOSU / KATMA GİRİŞİ - BAŞLIK | |
| Başlık | Cumhuriyet Halk Partisi Merkez Yönetim Kurulu yayınları |
| 490 ## - SERİSİ TABLOSU | |
| Seri Beyanı | Enerji Serisi Raporları |
| 610 ## - KONU KATMA GİRİŞ - TOPLANTI ADI | |
| Giriş Elemanı Olarak Kurumsal Ad Veya Yargı Alanı Adı | CHP |
| Genel Alt Bölüm | Elektrik enerjisi |
| Kronolojik Alt Bölüm | Raporlar |
| 610 ## - KONU KATMA GİRİŞ - TOPLANTI ADI | |
| Giriş Elemanı Olarak Kurumsal Ad Veya Yargı Alanı Adı | CHP |
| Genel Alt Bölüm | Enerji |
| Kronolojik Alt Bölüm | Raporlar, 2009 |
| -- | Çözüm önerileri |
| 651 ## - KONU KATMA GİRİŞ - COĞRAFİ ADI | |
| Coğrafi İsim | Türkiye |
| Genel Alt Bölümü | Elektrik enerjisi |
| Kronolojik Alt Bölümü | Raporlar |
| 710 ## - KATMA GİRİŞ - KURUMSAL ADI | |
| Giriş Elemanı Olarak Kurumsal Ad Veya Yargı Alanı Adı | Cumhuriyet Halk Partisi |
| Alt Birim | Bilim Yönetim Kültür Platformu |
| 740 ## - KATMA GİRİŞ - KONTROLSUZ İLGİLİ / ANALİTİK BAŞLIK | |
| Kontrol Edilmeyen / İlgili Analitik Başlıktaki | Enerji raporu |
| 830 ## - SERİSİ EKLENDİ GİRİŞ - ÜNİFORM ADI | |
| Üniforma Başlık | CHP raporları |
| Bir İşin Parçası / Bölümün İsmi | Enerji Serisi Raporları |
| 942 ## - EKLENDİ GİRİŞ ELEMANLARI (KOHA) | |
| Sınıflandırma Veya Raf Düzeni Kaynak | Dewey Decimal Classification |
| Koha Öğesi Türü | Books |
| 999 ## - SİSTEM KONTROL NUMARALARI (KOHA) | |
| Koha Biblionumber | 3544 |
| Koha Biblioitemnumber | 3544 |
| 657 ## - INDEX SÜRE - İŞLEVİ | |
| -- | CHP enerji raporu |
| 657 ## - INDEX SÜRE - İŞLEVİ | |
| -- | Elektrik enerjisi sektörü |
| -- | Türkiye |
No items available.
